00711 a2200169 4500003000500000005001700005040000900022082001600031100003900047245010300086260003300189300001100222505023800233650001600471651001200487700004200499NUST20251121183545.0 cNust a621.382,MAL aMalik , SGT Saad Saleem (TCC-17) aAudio Testbed /cSGT Saad Saleem Malik, GC Mamoon-Ur-Rashid, NC Nasir Haider and Capt Asif Nawaz. c2009bMCS (NUST)aRawalpindi a89 p.; aIntroduction (Page-1), Frequency Equalizer (Page-4), Compression (Linear Predictive Coding) (Page-8), Encryption (Page-29), Reed Solomon (Page-44), Modulation (Page-81), Results (Page-83), Future Work (Page-87), References (Page-88). aUG Projects aTCC-17B aasst Prof Syed Javaid Hussain Bangash